Loading...

Immunology

Bibliographic Details
Main Author: Kuby, Janis
Format: Printed Book
Language:Undetermined
Published: London : W H Freeman & Company, 1994
Edition:2 ed
Subjects:
LEADER 00478nam a2200157Ia 4500
008 200122s9999||||xx |||||||||||||| ||und||
080 |a R574.295  |b KUB-I2 
100 |a Kuby, Janis 
245 0 |a Immunology 
250 |a 2 ed 
260 |a  London :  |b W H Freeman & Company,  |c 1994 
300 |a 660 p. 
650 |a Immunology 
942 |c REF 
999 |c 260577  |d 260577 
952 |0 0  |1 0  |4 0  |6 R_574_295000000000000_KUBI2  |7 0  |9 276788  |a BCH  |b BCH  |l 0  |o R574.295 KUB-I2  |p BCH1679  |r 2020-01-24  |w 2020-01-24  |y REF